| 000 | 00870cam a22002774a 4500 | ||
|---|---|---|---|
| 001 | 15719725 | ||
| 003 | ARRUPE | ||
| 005 | 20220411081210.0 | ||
| 008 | 090430s2009 nyu 000 0deng | ||
| 010 | _a 2009017480 | ||
| 020 | _a9780241338834 | ||
| 040 |
_aDLC _cDLC _dDLC |
||
| 043 | _af-nr--- | ||
| 050 | 0 | 0 |
_aPR9387.9.A3 _bZ46 2009 |
| 100 | 1 |
_aAchebe, Chinua. _910462 |
|
| 245 | 1 | 4 |
_aAfrica's tarnishe name _cChinua Achebe. |
| 250 |
_aPenguin Modern _b28 |
||
| 260 |
_aRandom House _bPenguin _c2009. |
||
| 300 |
_a55 p. ; _c16 cm. |
||
| 650 | 0 |
_aAchebe, Chinua. _910463 |
|
| 650 | 0 |
_aAuthors, Nigerian _y20th century _vBiography. _910464 |
|
| 651 | 0 |
_aNigeria _vBiography. _910465 |
|
| 906 |
_a7 _bcbc _corignew _d1 _eecip _f20 _gy-gencatlg |
||
| 942 |
_2lcc _cMONOGRAPH _011 |
||
| 999 |
_c131288 _d131288 |
||